000 00738nam a2200193 i 4500
001 162852
003 ES-MaACL
005 20251012063055.0
008 050704s1875 sp |||| | spa d
040 _aCAM
_bspa
_cCAM
100 1 _aQuiroga y Rodriguez, Francisco,
_d1853-1894
_9131533
245 1 3 _aEl microscopio en litología /
_cpor Francisco Quiroga y Rodriguez.
260 _a[S.l. :
_bs.n.,
_cs.a.]
300 _a12 p. ;
_c23 cm.
650 4 _aLitología.
_9136442
650 4 _aRocas-
_xAnálisis.
_9157387
852 _aES-MaACL
_jT-378-F-13
_z-- Enc. hol., falto de la cub. original
_z-- Donación a la Biblioeca de Escolares Médicos por Gustavo Sáez Diez
_z-- Enc. en un vol. facticio
999 _c162852
_d162852